Údolí lilií

Bibliographic Details
Main Author: Pavelková, Alexandra, 1966- (Author, Translator)
Format: Book
Language:Czech
Slovak
Published: Praha Argo 2018
Edition:Vydání první
Series:Fantastika
Subjects:

MARC

LEADER 00000cam a2200000 4500
001 vtls011769843
003 SK-MaSNL
005 20260301045513.0
008 200316s2018 xr gr 000 fdcze
015 |a SNBZSA2018/11 
020 |a 9788025724644  |q (viazané) 
035 |a urn:nbn:sk:snk-am00dfbk 
035 |a urn:nbn:sk:snk-am3i0c0 
035 |a B0F5872C-00B9-4342-8B61-CE16D953E0E9 
040 |a SNK  |b slo  |c SNK  |e rda 
041 1 |a cze  |h slo 
044 |a xr  |c CZ 
072 7 |a 821.162.4-3  |x Slovenská próza  |2 konspekt 
080 |a 821.162.4-31  |2 2011 
080 |a 82-312.9  |2 2011 
100 1 |a Pavelková, Alexandra,  |d 1966-  |4 aut  |4 trl  |9 99028 
240 1 0 |a Údolie ľalií  |l Česky 
245 1 0 |a Údolí lilií  |c Alexandra Pavelková ; ze slovenského originálu Údolie ľalií ... přeložila Alexandra Pavelková 
250 |a Vydání první 
264 1 |a Praha  |b Argo  |c 2018 
300 |a 237 strán  |c 22 cm 
336 |a text  |b txt  |2 rdacontent 
337 |a bez média  |b n  |2 rdamedia 
338 |a zväzok  |b nc  |2 rdacarrier 
490 1 |a Fantastika  |v 86. svazek 
500 |a Obsahuje biografické údaje o autorke na prebale publikácie 
655 7 |a slovenské romány  |2 SNKPH  |9 70324 
655 7 |a fantasy romány  |2 SNKPH  |9 121434 
655 7 |a Slovak fiction  |2 SNKPHeng  |9 277096 
655 7 |a Fantasy novels  |2 SNKPHeng  |9 248525 
830 0 |a Fantastika  |9 353659 
919 |a 978-80-257-2464-4 
958 |a ZS 
958 |a LX 
958 |a UP 
958 |a BX 
968 |b SLO 
999 |c 598521  |d 600451 
952 |a SNK  |b SNK  |y PREZ  |7 0  |p 17A1338058  |o snkSC 181260  |i snk2018/22071  |8 4  |g 11.62  |0 0  |1 0  |4 0  |d 2018-07-31  |f 1  |l 0  |r 2026-02-23 15:46:34  |w 2026-02-23